[Event "AUTO-INT-3218"]
[Site "http://www.queenalice.com/game.php?id=1462968"]
[Date "2017.2.5"]
[Round "1"]
[White "tche_elvio"]
[Black "francksc"]
[Result "1-0"]
[WhiteElo "1582"]
[BlackElo "1470"]

1. d4 d5 2. c4 b6 3. Nf3 c6 4. g3 dxc4 5. Nc3 Ba6 6. Bg2 e6 7. O-O Bb4 8. a3
Bxc3 9. bxc3 Nf6 10. Bg5 O-O 11. e4 Nxe4 12. Bxd8 Rxd8 13. Ne5 Nxc3 14. Qc2 Nb5
15. Nxc6 Nxc6 16. Bxc6 Rac8 17. Qxc4 Nxd4 18. Qxa6 Nxc6 19. Rfd1 Rc7 20. Rxd8+
Nxd8 21. Rd1 Nc6 22. Qc4 g6 23. Rd8+ Nxd8 24. Qxc7 1-0

[Event "AUTO-INT-3218"]
[Site "http://www.queenalice.com/game.php?id=1462969"]
[Date "2017.2.5"]
[Round "1"]
[White "francksc"]
[Black "tche_elvio"]
[Result "1-0"]
[WhiteElo "1468"]
[BlackElo "1614"]

1. d4 Nf6 2. e3 g6 3. f3 Bg7 4. Bd3 O-O 5. Ne2 d5 6. O-O a6 7. e4 b5 8. e5 Nh5
9. g4 Nf6 10. exf6 Bxf6 11. g5 Bg7 12. Nbc3 Bb7 13. f4 Nd7 14. Be3 Rc8 15. Ng3
c5 16. dxc5 Bxc3 17. bxc3 Nxc5 18. Bxc5 Rxc5 19. f5 Rxc3 20. h4 Qb6+ 21. Rf2 d4
22. Qe1 Qc6 23. Qxe7 Rc5 24. h5 Re8 25. Qf6 Qxf6 26. gxf6 Re3 27. Nf1 Rf3 28.
Re1 Rc8 29. hxg6 Rxf2 30. Kxf2 hxg6 31. fxg6 fxg6 32. Bxg6 Rf8 33. Re6 Rc8 34.
Ng3 Bd5 35. Rxa6 Bf7 36. Bf5 Rd8 37. Ne4 Bxa2 38. Rxa2 b4 39. Be6+ Kf8 40. Ra7
b3 41. Bxb3 d3 42. Rg7 d2 43. Rg8# 1-0

[Event "AUTO-INT-3218"]
[Site "http://www.queenalice.com/game.php?id=1462980"]
[Date "2017.2.5"]
[Round "1"]
[White "TenebrousWit"]
[Black "francksc"]
[Result "1-0"]
[WhiteElo "1695"]
[BlackElo "1473"]

1. c4 c5 2. Nc3 e6 3. Nf3 d5 4. cxd5 exd5 5. e3 Bg4 6. Be2 Bxf3 7. Bxf3 Nf6 8.
d4 b6 9. Qa4+ Nfd7 10. Bxd5 Qe7 11. O-O g6 12. Bxa8 Bg7 13. Nd5 Qd6 14. dxc5
bxc5 15. e4 Be5 16. Be3 Bxh2+ 17. Kh1 O-O 18. Bg5 a6 19. Be7 Qe5 20. Bxf8 Nxf8
21. f4 Qd4 22. Qxd4 cxd4 23. Kxh2 Nbd7 24. Rac1 f5 25. exf5 gxf5 26. Rc8 Kg7 27.
Nb4 1-0

[Event "AUTO-INT-3218"]
[Site "http://www.queenalice.com/game.php?id=1462981"]
[Date "2017.2.5"]
[Round "1"]
[White "francksc"]
[Black "TenebrousWit"]
[Result "0-1"]
[WhiteElo "1481"]
[BlackElo "1687"]

1. d4 c5 2. e3 Nc6 3. Bc4 e6 4. Nf3 a6 5. O-O Nf6 6. dxc5 Bxc5 7. Re1 d5 8. Bd3
O-O 9. c3 e5 10. c4 e4 11. cxd5 Qxd5 12. Nc3 Qxd3 13. Qxd3 exd3 14. Rd1 Rd8 15.
Ne1 Bf5 16. Nf3 Rd7 17. a3 Rad8 18. b4 Ba7 19. Bb2 Bb8 20. h3 h6 21. g4 Be4 22.
Nd2 Bg6 23. f3 Ba7 24. Nf1 Ne5 25. Kg2 Nc4 26. Bc1 d2 27. Bxd2 Nxd2 0-1

[Event "AUTO-INT-3218"]
[Site "http://www.queenalice.com/game.php?id=1462988"]
[Date "2017.2.5"]
[Round "1"]
[White "francksc"]
[Black "thbn"]
[Result "1-0"]
[WhiteElo "1446"]
[BlackElo "1654"]

1. d4 d5 2. c3 Nc6 3. b4 Nf6 4. f3 Bf5 5. Nd2 e5 6. dxe5 Nxe5 7. f4 Nfg4 8. fxe5
Qh4+ 9. g3 Be7 10. Ngf3 Qh6 11. c4 Qb6 12. Qa4+ Bd7 13. c5 Bxc5 14. bxc5 Qxc5
15. Qd4 Qa5 16. Bg2 O-O 17. O-O c6 18. Nb3 Qc7 19. Nc5 Rfe8 20. Bf4 f6 21. exf6
Qd8 22. fxg7 b6 23. Nb7 Qc8 24. Nd6 c5 25. Qxd5+ Be6 26. Qh5 Nf6 27. Qh6 Ng4 28.
Qh5 Nf6 29. Qg5 Ne4 30. Nxc8 Nxg5 31. Nd6 Red8 32. Nxg5 Bg4 33. Bxa8 Rxa8 34.
Be5 Bxe2 35. Rf2 Bh5 36. Raf1 h6 37. Ne6 Kh7 38. Rf8 Bg6 39. Rxa8 h5 40. g8=Q+
Kh6 41. Bf4# 1-0

[Event "AUTO-INT-3218"]
[Site "http://www.queenalice.com/game.php?id=1462989"]
[Date "2017.2.5"]
[Round "1"]
[White "thbn"]
[Black "francksc"]
[Result "1-0"]
[WhiteElo "1704"]
[BlackElo "1458"]

1. e4 e5 2. Nf3 d6 3. Nc3 c6 4. Be2 g6 5. O-O Be7 6. d4 Bf6 7. Re1 exd4 8. Nxd4
Bxd4 9. Qxd4 Nf6 10. Bg5 Nbd7 11. Bg4 O-O 12. Bxd7 Bxd7 13. Bxf6 c5 14. Bxd8
cxd4 15. Be7 Rfe8 16. Nd5 Kg7 17. Bf6+ Kf8 18. Nc7 Rac8 19. Nxe8 Rxe8 20. e5 Re6
21. Rad1 dxe5 22. Bxe5 b5 23. Bxd4 Rxe1+ 24. Rxe1 a6 25. Bc5+ Kg7 26. Bd4+ Kf8
27. Bc5+ Kg7 28. Re7 Bf5 29. Bd4+ Kf8 30. Ra7 1-0

[Event "AUTO-OPEN-3763"]
[Site "http://www.queenalice.com/game.php?id=1463170"]
[Date "2017.2.7"]
[Round "1"]
[White "BOTAFOGONISSO"]
[Black "francksc"]
[Result "1-0"]
[WhiteElo "1775"]
[BlackElo "1485"]

1. e4 e5 2. Nf3 g6 3. Bc4 Qe7 4. a3 c5 5. d3 Nf6 6. h3 d6 7. Bd2 Bg7 8. Ng5 O-O
9. Nc3 Be6 10. Nxe6 fxe6 11. Bg5 a6 12. O-O Qd7 13. b3 b5 14. Bxf6 Bxf6 15.
Bxe6+ Qxe6 16. Nd5 Rf7 17. b4 1-0

[Event "AUTO-OPEN-3763"]
[Site "http://www.queenalice.com/game.php?id=1463171"]
[Date "2017.2.7"]
[Round "1"]
[White "francksc"]
[Black "BOTAFOGONISSO"]
[Result "0-1"]
[WhiteElo "1490"]
[BlackElo "1770"]

1. e4 e5 2. d3 h6 3. g3 Bc5 4. Qe2 a6 5. Be3 d6 6. Bg2 Nf6 7. Bxc5 dxc5 8. c4
Nc6 9. Nc3 Na7 10. Bh3 Bxh3 11. Nxh3 Nc6 12. O-O Nd4 13. Qd1 Qd7 14. Kg2 Ng4 15.
Qa4 b5 16. cxb5 a5 17. b3 O-O 0-1

[Event "AUTO-OPEN-3763"]
[Site "http://www.queenalice.com/game.php?id=1463198"]
[Date "2017.2.7"]
[Round "1"]
[White "maurice91"]
[Black "francksc"]
[Result "1-0"]
[WhiteElo "1859"]
[BlackElo "1448"]

1. d4 d5 2. Bf4 Qd7 3. Nf3 f6 4. Nbd2 b5 5. e3 Na6 6. a3 c6 7. h3 g5 8. Bg3 h5
9. b4 h4 10. Bh2 e6 11. Nb3 Nh6 12. Nfd2 e5 13. Nc5 Nxc5 14. bxc5 exd4 15. exd4
Nf5 16. c3 a5 17. Be2 Ba6 18. O-O Be7 19. Bg4 b4 20. Re1 O-O 21. Qf3 Bc8 22.
Rxe7 Qxe7 23. Bxf5 Bxf5 24. Qxf5 Kg7 25. Bd6 Qe2 26. Bxf8+ Rxf8 27. Qc2 b3 28.
Qb2 f5 29. Rb1 a4 30. Rc1 f4 31. Rf1 Kg6 32. Qb1+ Kh5 33. Nf3 Kh6 34. Ne5 Qh5
35. Ng4+ Kg7 36. f3 Re8 37. Ne5 Re6 38. Rf2 Qh7 39. Qf1 Qf5 40. Kh2 Kf6 41. Qa6
Qb1 42. Qb7 Rxe5 43. dxe5+ Kxe5 44. Re2+ Kf5 45. Qf7# 1-0

[Event "AUTO-OPEN-3763"]
[Site "http://www.queenalice.com/game.php?id=1463199"]
[Date "2017.2.7"]
[Round "1"]
[White "francksc"]
[Black "maurice91"]
[Result "0-1"]
[WhiteElo "1452"]
[BlackElo "1847"]

1. e4 c6 2. d4 g6 3. g3 d6 4. Bd3 Bg7 5. c3 h6 6. b4 b5 7. Nf3 Bg4 8. O-O d5 9.
exd5 Qxd5 10. Bf4 Bxf3 11. Bxb8 Bxd1 12. Rxd1 Rxb8 13. Nd2 e5 14. Be4 Qe6 15.
Re1 Ne7 16. Nf3 f6 17. Nh4 f5 18. Bc2 e4 19. a4 a6 20. axb5 axb5 21. Ra7 O-O 22.
Ra3 Rb7 23. Bb3 Nd5 24. Ra6 g5 25. Ng2 Qd7 26. Ne3 Kh8 27. Bxd5 cxd5 28. h3 Rc8
29. Rc1 Bxd4 30. Rxh6+ Kg7 31. cxd4 Rxc1+ 32. Kg2 Kxh6 0-1

[Event "AUTO-OPEN-3763"]
[Site "http://www.queenalice.com/game.php?id=1463218"]
[Date "2017.2.7"]
[Round "1"]
[White "francksc"]
[Black "bouley"]
[Result "0-1"]
[WhiteElo "1450"]
[BlackElo "2003"]

1. e4 e5 2. d3 Bc5 3. Qe2 Nf6 4. g3 d6 5. Nf3 h6 6. Be3 Bxe3 7. Qxe3 O-O 8. Be2
Bg4 9. Nfd2 Nbd7 10. O-O c6 11. c4 Qb6 12. Qxb6 Nxb6 13. Bxg4 Nxg4 14. Nc3 f5
15. exf5 Rxf5 16. h3 Nf6 17. f3 Nfd7 18. b4 Raf8 19. g4 Rf4 20. Ne2 R4f7 21. Ne4
Nc8 22. Kg2 Nf6 23. c5 Nxe4 24. dxe4 d5 25. exd5 cxd5 26. b5 Ne7 27. a4 Ng6 28.
Kg3 Nf4 29. Ng1 Nd3 30. c6 bxc6 31. bxc6 e4 32. Ra3 Rc7 33. Rc3 Rfc8 34. fxe4
dxe4 35. Rc4 Rxc6 36. Rxe4 Rc3 37. Ne2 Ra3 38. Nf4 Nc5+ 39. Kh4 Nxe4 40. Kh5
Ng3+ 0-1

[Event "AUTO-OPEN-3763"]
[Site "http://www.queenalice.com/game.php?id=1463219"]
[Date "2017.2.7"]
[Round "1"]
[White "bouley"]
[Black "francksc"]
[Result "1-0"]
[WhiteElo "2005"]
[BlackElo "1470"]

1. e4 e5 2. Bc4 Qe7 3. Nf3 d6 4. Nc3 g6 5. Nd5 Qd7 6. O-O Bg7 7. d3 c6 8. Nc3 b5
9. Bb3 b4 10. Ne2 c5 11. c3 bxc3 12. Nxc3 Nf6 13. Nd5 Nxd5 14. Bxd5 Bb7 15. Qb3
Bxd5 16. Qxd5 Nc6 17. Bd2 Rb8 18. b3 a5 19. Rac1 Rb5 20. a4 Rb6 21. Qc4 O-O 22.
Qc2 d5 23. Qxc5 Rxb3 24. Qxc6 Qxc6 25. Rxc6 Rxd3 26. Bxa5 dxe4 27. Ng5 Rd4 28.
Ra1 Ra8 29. Rc5 Ra7 30. g3 h6 31. Nh3 g5 32. Kg2 g4 33. Ng1 f6 34. Ne2 Rd3 35.
Nc3 e3 36. fxe3 Bf8 37. Rb5 Rxe3 38. Nd5 Rf3 39. Rf1 e4 40. Rxf3 exf3+ 41. Kf2
Kg7 42. Nf4 Bd6 43. Ne6+ Kg6 44. Bb4 Be5 45. a5 Ra6 46. Nf8+ Kf5 47. Bc3 Ke4 48.
Bxe5 fxe5 49. Nd7 Re6 50. Nc5+ Kd5 51. Nxe6+ Kxe6 52. a6 1-0

[Event "Challenge"]
[Site "http://www.queenalice.com/game.php?id=1474921"]
[Date "2017.4.24"]
[Round "-"]
[White "francksc"]
[Black "mvson33"]
[Result "0-1"]
[WhiteElo "1466"]
[BlackElo "1788"]

1. e4 e5 2. Be2 Nf6 3. d3 Be7 4. Nf3 d6 5. O-O O-O 6. Be3 Nc6 7. c3 Be6 8. c4
Bg4 9. Nfd2 Bxe2 10. Qxe2 Nd7 11. a3 f5 12. b4 fxe4 13. dxe4 Bg5 0-1

[Event "Challenge"]
[Site "http://www.queenalice.com/game.php?id=1474922"]
[Date "2017.4.24"]
[Round "-"]
[White "mvson33"]
[Black "francksc"]
[Result "1-0"]
[WhiteElo "1791"]
[BlackElo "1463"]

1. e4 d5 2. exd5 Qxd5 3. Nc3 Qd8 4. Nf3 Bg4 5. Be2 Bxf3 6. Bxf3 c6 7. O-O e6 8.
d3 Bb4 9. Bd2 Bxc3 10. Bxc3 Ne7 11. Bxg7 Rg8 12. Bf6 Rg6 13. Bh4 Qd6 14. Re1 1-0